书目信息 |
| 题名: |
电磁振荡 电磁波和辐射
|
|
| 作者: | BARRETT 著 ;王志符 译 | |
| 分册: | ||
| 出版信息: | 北京 人民教育出版社 1981.1 |
|
| 页数: | 565页 | |
| 开本: | 20cm | |
| 丛书名: | ||
| 单 册: | ||
| 中图分类: | O442 | |
| 科图分类: | ||
| 主题词: | 电磁学 , 电动力学 | |
| 电子资源: | ||
| ISBN: | ||
| 000 | 00587nam0 2200217 45 | |
| 001 | 0312221749 | |
| 005 | 20060727162453.64 | |
| 010 | @dCNY1.60 | |
| 091 | @a13012.0563 | |
| 100 | @a20031222d1981 km y0chiy0120 ea | |
| 101 | @achi | |
| 200 | 1 | @a电磁振荡 电磁波和辐射@ADian Ci Zhen Dang Dian Ci Bo He Fu She@f(美)BARRETT著@F(Mei)BARRETT Zhu@g王志符等译 |
| 210 | @a北京@c人民教育出版社@d1981.1 | |
| 215 | @a565页@d20cm | |
| 606 | 0 | @a电磁学 |
| 606 | 0 | @a电动力学 |
| 690 | @aO442@v3 | |
| 701 | 0 | @aBARRETT@4著 |
| 702 | 0 | @a王志符@4译 |
| 801 | @aCN@bTSTCL@c20060727 | |
| 905 | @dO442@e10 | |
| 电磁振荡 电磁波和辐射/(美)BARRETT著/王志符等译.-北京:人民教育出版社,1981.1 |
| 565页;20cm |
| ISBN :CNY1.60 |
| ● |
| 相关链接 |
|
|
|
|
正题名:电磁振荡 电磁波和辐射
索取号:O442/10
 
预约/预借
| 序号 | 登录号 | 条形码 | 馆藏地/架位号 | 状态 | 备注 |
| 1 | 0012730 | 001456383 | 密集书库/ [索取号:O442/10] | 在馆 | |
| 2 | 0148856 | 001456409 | 第三借阅区/ [索取号:O442/10] | 在馆 | |
| 3 | 0148857 | 202327936 | 密集书库/ [索取号:O442/10] | 在馆 | |
| 4 | 0148858 | 001456427 | 第三借阅区/ [索取号:O442/10] | 在馆 | |
| 5 | 0148859 | 001941233 | 第三借阅区/ [索取号:O442/10] | 在馆 | |
| 6 | 0148860 | 202328258 | 密集书库/ [索取号:O442/10] | 在馆 | |
| 7 | 0148861 | 202327927 | 密集书库/ [索取号:O442/10] | 在馆 | |
| 8 | 0148862 | 001456392 | 第三借阅区/ [索取号:O442/10] | 在馆 | |
| 9 | 0148863 | 202327712 | 密集书库/ [索取号:O442/10] | 在馆 | |
| 10 | 0148864 | 202327678 | 密集书库/ [索取号:O442/10] | 在馆 | |
| 11 | 0148865 | 202103473 | 第二样本阅览室/ [索取号:O442/10] | 在馆 | |
| 12 | 0433769 | 204337690 | 密集书库/ [索取号:O442/10] | 在馆 | |
| 13 | 0433770 | 204337707 | 密集书库/ [索取号:O442/10] | 在馆 |